| 000 | 01067nam a2200385 a 4500 | ||
|---|---|---|---|
| 003 | AR-BaBNM | ||
| 005 | 20251128204213.0 | ||
| 008 | 082120s2002 ||||||||||||||000 | spa|| | ||
| 020 | _a950-582-229-5 | ||
| 040 | _cAR-BaBNM | ||
| 100 | 1 | _aMartínez de López, Angelita | |
| 245 | 0 | 0 |
_aLa lengua y su aprendizaje _bguía de estudio |
| 260 |
_aBuenos Aires _bHumanitas _c1988 |
||
| 300 |
_a153 p. _bil., tablas |
||
| 490 | 0 |
_aFormación docente _vv. 10 |
|
| 500 | _aIntroducción por la autora | ||
| 650 | 4 | _aENSEÑANZA DE LA LENGUA MATERNA | |
| 650 | 4 | _aLINGÜISTICA | |
| 650 | 4 | _aSIGLO VEINTE | |
| 650 | 4 | _aLITERATURA | |
| 650 | 4 | _aSEMIOLOGIA | |
| 650 | 4 | _aESTRUCTURALISMO | |
| 650 | 4 | _aLITERATURA INFANTIL | |
| 650 | 4 | _aFOLKLORE | |
| 650 | 4 | _aLECTURA | |
| 650 | 4 | _aBIBLIOTECAS ESCOLARES | |
| 651 | 4 | _aArgentina | |
| 653 | _aESTILISTICA | ||
| 653 | _aMETODOS EDUCATIVOS | ||
| 700 | 1 | _aPrati de Sasso, Silvia | |
| 700 | 1 | _aStivale de Eguillor, Ana M. | |
| 800 | 1 |
_aSierra de Vilaverde, Sela _edirector |
|
| 942 | _cBK | ||
| 998 | _cCarmen | ||
| 999 |
_c6589 _d6589 |
||